000 00456nam a2200133Ia 4500
008 151001s9999||||xx |||||||||||||| ||und||
100 _aसुधीर पाल
245 _aआदिवासीयों की पारंपरिक स्वशासन व्यवस्था एवं पंचायती राज
250 _a1
260 _bआकृती प्रकाशन
260 _c2009
300 _a104
365 _b21
999 _c1000576
_d1000573